Right brain teasers (Record no. 142464)

MARC details
000 -LEADER
fixed length control field 00609nam a2200229Ia 4500
003 - CONTROL NUMBER IDENTIFIER
control field OSt
005 - DATE AND TIME OF LATEST TRANSACTION
control field 20250829140753.0
008 - FIXED-LENGTH DATA ELEMENTS--GENERAL INFORMATION
fixed length control field 210210b2010 xxu||||| |||| 00| 0 eng d
020 ## - INTERNATIONAL STANDARD BOOK NUMBER
International Standard Book Number 9788130915067
040 ## - CATALOGING SOURCE
Transcribing agency AL
041 ## - LANGUAGE CODE
Language code of text/sound track or separate title English
082 ## - DEWEY DECIMAL CLASSIFICATION NUMBER
Classification number 793.73 BRAR
100 ## - MAIN ENTRY--PERSONAL NAME
Personal name Allen D Bragdon
9 (RLIN) 183817
245 ## - TITLE STATEMENT
Title Right brain teasers
Remainder of title : a photo quiz for the minds eye
260 ## - PUBLICATION, DISTRIBUTION, ETC.
Place of publication, distribution, etc. New Delhi
Name of publisher, distributor, etc. Viva books
Date of publication, distribution, etc. 2010
300 ## - PHYSICAL DESCRIPTION
Extent viii,152p.
650 ## - SUBJECT ADDED ENTRY--TOPICAL TERM
Topical term or geographic name entry element Household appliances
9 (RLIN) 183825
650 ## - SUBJECT ADDED ENTRY--TOPICAL TERM
Topical term or geographic name entry element Brainwaves books
9 (RLIN) 183826
700 ## - ADDED ENTRY--PERSONAL NAME
Personal name Monbleau Marcia
9 (RLIN) 183821
906 ## - LOCAL DATA ELEMENT F, LDF (RLIN)
a 065299
942 ## - ADDED ENTRY ELEMENTS (KOHA)
Source of classification or shelving scheme Dewey Decimal Classification
Koha item type Book
Holdings
Withdrawn status Lost status Source of classification or shelving scheme Damaged status Not for loan Collection code Home library Current library Date acquired Source of acquisition Cost, normal purchase price Total Checkouts Full call number Barcode Date last seen Price effective from Koha item type
    Dewey Decimal Classification     Games & Sports St Aloysius Library St Aloysius Library 02/17/2021 Intact Bookhouse Pvt Ltd 95.00   793.73 BRAR 065299 02/17/2021 02/17/2021 Book